000 00384nam a2200157Ia 4500
003 OSt
008 191201s2019 xx 000 0 und d
082 _a294.544
_bCHS
100 _aCHAUDHARY, Birbal Singh
245 0 _aSacha Sukh: Amulaya Dhrohar Anupum Uphar
250 _a1st
260 _aKaithal
_bSadmarg Printers
300 _a96
650 _aGeneral Books
942 _2ddc
_cBK
999 _c5220
_d5220